Bordering Country by Flag - Multiple Choice #1 - Statistics

General Stats
  • This quiz has been taken 213 times
    208 since last reset
  • The average score is 14 of 15
Answer Stats
Question Answer % Correct
HTML tutorial Eswatini
100%
HTML tutorial Indonesia
100%
HTML tutorial North Macedonia
100%
HTML tutorial Oman
100%
HTML tutorial Panama
100%
HTML tutorial Rwanda
100%
HTML tutorial Armenia
92%
HTML tutorial Finland
92%
HTML tutorial India
92%
HTML tutorial Slovenia
92%
HTML tutorial Turkey
92%
HTML tutorial Somalia
85%
HTML tutorial Czech Republic
77%
HTML tutorial Libya
77%
HTML tutorial Mexico
62%
No matching quizzes found
Score Distribution
Percent of People with Each Score
Percentile by Number Answered
Your Score History
You have not taken this quiz since the last reset